000 01024cam a2200241 4500
001 ABS68147
008 040825n2004 000 0 eng u
035 _a(Sirsi) u127161
245 _aSpecial report: planning
260 _c2004
490 _aProperty Week
_v69(32) 6 August 2004, 51-57(4)
520 _aThe opening article "Fear and loathing in South Kensington" outlines how local opposition blocked plans to redevelop South Kensington and raises the question whether new planning guidelines could lead to similar deadlock across the UK. "Who's new at the town hall?" reports on the politics of planning and examines the UK's political landscape after June's local elections. Reports on the new faces in charge of some of the biggest local authorities.
590 _aABS
590 _aABS
650 _aSOUTH KENSINGTON
650 _aTUBE NETWORK
650 _aPLANNING GUIDELINES
650 _aPUBLIC POLICY
650 _aLOCAL AUTHORITIES
650 _aPOLITICS
690 _aPLANNING
942 _n0
999 _c117898
_d117898